| 000 | 00969nam a2200277 a 4500 | ||
|---|---|---|---|
| 003 | DO-SdBNP | ||
| 005 | 20250707112615.0 | ||
| 007 | ta | ||
| 008 | 221123e1972 dr |||fr|||| 001 e spa d | ||
| 040 |
_aDO-SdBNP _bspa _cBNPHU |
||
| 082 | 4 |
_222 _bM392f _a335.412 |
|
| 100 | 1 |
_99147 _aMarx, Carlos, _d1818-1883 |
|
| 245 | 1 | 0 |
_aFormaciones económicas precapitalistas: _bformen. / _cCarlos Marx; Prólogo, E. J. Hobsbawm. |
| 260 |
_aSanto Domigo : _bTaller, _c1972 |
||
| 300 |
_a140 p. : _c22 cm. |
||
| 490 |
_aBiblioteca Taller; _v1 |
||
| 500 | _aIncluye bibliografía y notas al pié de páginas. | ||
| 505 |
_aPrólogo. _tApéndice./ _rM. Godelier.-- _tFormaciones Económicas Precapitalistas.-- _tEl ejemplo Inca. |
||
| 590 | _aInventariado 2022 / MF | ||
| 650 | 0 |
_aPolítica económica _984931 |
|
| 650 | 0 |
_aEconomia _985383 |
|
| 650 | 4 |
_948300 _aCapitalismo _xAspectos Sociales |
|
| 700 | 1 |
_954842 _aHobsbawm, E. J., _epról. |
|
| 910 | _aMFeliz | ||
| 942 |
_2ddc _cLBS1 |
||
| 999 |
_c52990 _d52990 |
||